A PORTION OF THE HISTORY QUINTUS CURTIUS (Record no. 147071)
[ view plain ]
| 000 -LEADER | |
|---|---|
| fixed length control field | 00451nam a22001697a 4500 |
| 003 - CONTROL NUMBER IDENTIFIER | |
| control field | LK-CoDNM |
| 005 - DATE AND TIME OF LATEST TRANSACTION | |
| control field | 20240812094431.0 |
| 008 - FIXED-LENGTH DATA ELEMENTS--GENERAL INFORMATION | |
| fixed length control field | 240812b |||||||| |||| 00| 0 eng d |
| 040 ## - CATALOGING SOURCE | |
| Original cataloging agency | LK-CoDNM |
| Modifying agency | LK-CoDNM |
| Description conventions | LK-CoDNM |
| 080 ## - UNIVERSAL DECIMAL CLASSIFICATION NUMBER | |
| Universal Decimal Classification number | 10 |
| Item number | N7 |
| 942 ## - ADDED ENTRY ELEMENTS (KOHA) | |
| Koha item type | Books |
| 100 ## - MAIN ENTRY--PERSONAL NAME | |
| Personal name | HEITLAND W.E |
| 700 ## - ADDED ENTRY--PERSONAL NAME | |
| Personal name | RAVEN T.E |
| 245 ## - TITLE STATEMENT | |
| Title | A PORTION OF THE HISTORY QUINTUS CURTIUS |
| 260 ## - PUBLICATION, DISTRIBUTION, ETC. (IMPRINT) | |
| Place of publication, distribution, etc. | CAMBRIDGE |
| Name of publisher, distributor, etc. | AT THE UNIVERSITY PRESS. |
| Date of publication, distribution, etc. | 1905 |
| 300 ## - PHYSICAL DESCRIPTION | |
| Extent | 204P. ; 18 CM |
| Withdrawn status | Lost status | Damaged status | Not for loan | Collection code | Permanent Location | Current Location | Shelving location | Date acquired | Full call number | Barcode | Koha item type |
|---|---|---|---|---|---|---|---|---|---|---|---|
| Damaged | Old Books Collection | Library National Museum Colombo - Sri Lanka | Library National Museum Colombo - Sri Lanka | Reference | 2024-08-12 | 10 N7 | OB5052 | Books |


